Statystyki dla Stolice świata

Kliknij tutaj aby rozwiązać quiz!

Ogólne statystyki

  • Ten quiz został rozwiązany 12 razy
  • Średni wynik to 16 z 19

Statystyki odpowiedzi

KrajStolica% Poprawnych
EgiptKair
100%
RosjaMoskwa
100%
CzechyPraga
100%
PolskaWarszawa
100%
BrazyliaBrasilia
90%
SłowacjaBratysława
90%
ArgentynaBuenos Aires
90%
AustraliaCanberra
90%
UkrainaKijów
90%
IndieNowe Delhi
90%
ChinyPekin
90%
USAWaszyngton
90%
WęgryBudapeszt
80%
IndonezjaDżakarta
80%
AlgieriaAlgier
70%
MarokoRabat
70%
MalezjaTerytorium federalne Kuala Lumpur
70%
ParagwajAsuncion
60%
LibiaTrypolis
60%

Rozkład punktacji

Percentyl według liczby udzielonych odpowiedzi

Procent ludzi z każdym wynikiem

Twoja historia wyników

Nie rozwiązałeś tego quizu